WWE - Chavo Guerrero's PPV Opponents - Statistics

General Stats
  • This quiz has been taken 196 times
  • The average score is 43 of 68
Answer Stats
Year Event Match Type Answer % Correct
2002 Survivor Series 3-Team Elimination Match Rey Mysterio
99%
2004 No Way Out Rey Mysterio
99%
2004 WrestleMania XX Cruiserweight Open Match Rey Mysterio
99%
2004 The Great American Bash Rey Mysterio
99%
2004 Survivor Series Fatal 4-Way Match Rey Mysterio
99%
2006 SummerSlam Rey Mysterio
99%
2006 No Mercy Falls Count Anywhere Match Rey Mysterio
99%
2007 SummerSlam Rey Mysterio
99%
2004 Royal Rumble Eddie Guerrero
91%
2002 Survivor Series 3-Team Elimination Match Edge
91%
2008 WrestleMania XXIV Kane
91%
2008 Backlash Kane
91%
2002 Rebellion Tag Team Match Chris Benoit
84%
2002 Survivor Series 3-Team Elimination Match Chris Benoit
84%
2003 WrestleMania XIX 3-Team Match Chris Benoit
84%
2006 Survivor Series Chris Benoit
84%
2006 Armageddon Chris Benoit
84%
2002 Rebellion Tag Team Match Kurt Angle
81%
2002 Survivor Series 3-Team Elimination Match Kurt Angle
81%
2008 Night of Champions Matt Hardy
81%
2008 Unforgiven 5-Man Championship Scramble Matt Hardy
81%
2003 WrestleMania XIX 3-Team Match Shelton Benjamin
74%
2003 Backlash Tag Team Match Shelton Benjamin
74%
2003 WrestleMania XIX 3-Team Match Charlie Haas
69%
2003 Backlash Tag Team Match Charlie Haas
69%
2008 No Way Out CM Punk
69%
2008 One Night Stand 5-Man Singapore Cane Match CM Punk
69%
2008 One Night Stand 5-Man Singapore Cane Match The Big Show
66%
2008 Unforgiven 5-Man Championship Scramble Mark Henry
60%
2004 Survivor Series Fatal 4-Way Match Spike Dudley
59%
2005 No Way Out Cruiserweight Open Match Spike Dudley
59%
2004 WrestleMania XX Cruiserweight Open Match Billy Kidman
58%
2004 Survivor Series Fatal 4-Way Match Billy Kidman
58%
2004 WrestleMania XX Cruiserweight Open Match Jamie Noble
57%
2007 No Way Out Cruiserweight Open Match Jamie Noble
57%
2007 The Great American Bash Cruiserweight Open Match Jamie Noble
57%
2005 No Way Out Cruiserweight Open Match Paul London
56%
2005 Judgment Day Paul London
56%
2008 One Night Stand 5-Man Singapore Cane Match Tommy Dreamer
56%
2004 WrestleMania XX Cruiserweight Open Match Tajiri
55%
2007 The Great American Bash Cruiserweight Open Match Hornswoggle
53%
2003 WrestleMania XIX 3-Team Match Rhyno
53%
2007 No Way Out Cruiserweight Open Match Gregory Helms
52%
2008 Unforgiven 5-Man Championship Scramble Finlay
50%
2008 Unforgiven 5-Man Championship Scramble The Miz
50%
2004 WrestleMania XX Cruiserweight Open Match Funaki
49%
2005 No Way Out Cruiserweight Open Match Funaki
49%
2007 No Way Out Cruiserweight Open Match Funaki
49%
2007 The Great American Bash Cruiserweight Open Match Funaki
49%
2004 WrestleMania XX Cruiserweight Open Match Shannon Moore
47%
2005 No Way Out Cruiserweight Open Match Shannon Moore
47%
2007 No Way Out Cruiserweight Open Match Shannon Moore
47%
2007 The Great American Bash Cruiserweight Open Match Shannon Moore
47%
2003 Survivor Series Tag Team Match Danny Basham
46%
2003 Survivor Series Tag Team Match Doug Basham
46%
2004 WrestleMania XX Cruiserweight Open Match Akio
45%
2005 No Way Out Cruiserweight Open Match Akio
45%
2009 Extreme Rules 2-on-1 Handicap Hogpen Match Santina Marella
45%
2007 No Way Out Cruiserweight Open Match Jimmy Wang Yang
44%
2007 Vengeance: Night of Champions Jimmy Wang Yang
44%
2007 The Great American Bash Cruiserweight Open Match Jimmy Wang Yang
44%
2008 One Night Stand 5-Man Singapore Cane Match John Morrison
44%
2004 WrestleMania XX Cruiserweight Open Match Ultimo Dragon
44%
2004 WrestleMania XX Cruiserweight Open Match Nunzio
37%
2011 Over the Limit Sin Cara
32%
2004 Judgment Day Jacqueline
30%
2007 No Way Out Cruiserweight Open Match Scotty 2 Hotty
24%
2007 No Way Out Cruiserweight Open Match Daivari
14%
No matching quizzes found
Score Distribution
Percent of People with Each Score
Percentile by Number Answered
Your Score History
You have not taken this quiz